00811nam a2200181 a 450000100060000000300090000600800410001502000150005604000280007108200170009910000330011624501580014926000310030730000170033850502040035565000350055965000350059422664CO-ViMGA141112s2004 ck r 000 u spa d a9586904326 aCO-ViMGAbspacCO-ViMGA04a345.04 B673c1 aBotero Bernal, Jose Fernando10aLa Conducta Delictiva de Constreñimiento Ilegal : bY sus Agravantes a la luz de una Dogmatica Realista Antropológica / cJose Fernando Botero Bernal aBogotá : bLeyer, c2003 a121 p. 22 cm aEstudio dogamtico basico 21 - - Recuento historico de la conducta de costreñimiento ilegal 39 - - Estudio dogmatico concreto 53 - - estudios de los agravantes del constreñimiento ilegal simple 9714aAUTONOMIA - ASPECTOS JURIDICOS14aCOACCION (DERECHOS) - COLOMBIA